00366nam a2200145Ia 4500003000400000005001700004008004100021040000900062082001700071100002600088245004500114260004100159300000900200650001100209OSt20210916135857.0190216s9999||||xx |||||||||||||| ||und|| coclc a892.7bJIB/A aJibran, Jibran Khalil 0aAl Ahmal Arabiya /cJibran Khalil Jibran bAl Huda Book Stall,c2011.aCalicut: a668p aArabic